[Event "Fuad Jafarov Mem Masters"]
[Site "Baku AZE"]
[Date "2019.01.04"]
[Round "1.3"]
[White "Simantsev,M"]
[Black "Suleymanli,Aydin"]
[Result "1-0"]
[WhiteElo "2401"]
[BlackElo "2341"]

1.d4 Nf6 2.c4 c5 3.d5 e6 4.Nc3 exd5 5.cxd5 d6 6.Nf3 g6 7.Bf4 a6 8.a4 Bg7
9.h3 O-O 10.e3 Re8 11.Nd2 Nbd7 12.Be2 Ne5 13.O-O Nfd7 14.Re1 f5 15.Qb3 b6
16.Bh2 Bb7 17.Rad1 Rc8 18.e4 c4 19.Bxc4 Nc5 20.Qc2 fxe4 21.Bxe5 Rxe5 22.Ndxe4 Nxe4
23.Rxe4 Qc7 24.Bf1 Rf8 25.Rxe5 Bxe5 26.Qd2 Bf4 27.Qd3 Qc5 28.Ne4 Qb4 29.g3 Be5
30.b3 Rc8 31.h4 Kg7 32.Bh3 Rc7 33.h5 b5 34.axb5 axb5 35.Be6 Re7 36.Ng5 Qc3
37.Qxc3 Bxc3 38.h6+ Kxh6 39.Nf7+ Rxf7 40.Bxf7 Kg7 41.Be6 b4 42.f4 Ba6 43.Kf2 Kf6
44.Ke3 h5 45.Rc1 Bb5 46.Rg1 Bb2 47.g4 hxg4 48.Bxg4 Be8 49.Bf3 Bd7 50.Be4 Be8
51.Kd3 Bc3 52.Kc4 Bd2 53.Rg4 Be1 54.Rg2 Bc3 55.Rc2 Be1 56.Re2 Bc3 57.Bf3 Kf7
58.Re6 Bd7 59.Rxd6 Bf5 60.Rb6 Bd2 61.Rxb4 Bd3+ 62.Kc5  1-0

[Event "48th Rilton Cup 2018-19"]
[Site "Stockholm SWE"]
[Date "2019.01.04"]
[Round "8.53"]
[White "Kenneskog,Theodor"]
[Black "Sapale,Saloni"]
[Result "0-1"]
[WhiteElo "2287"]
[BlackElo "2187"]

1.d4 Nf6 2.c4 c5 3.d5 e6 4.Nc3 exd5 5.cxd5 d6 6.Nf3 g6 7.Bf4 a6 8.a4 Bg7
9.e3 O-O 10.h3 Nh5 11.Bh2 f5 12.Be2 f4 13.e4 Nd7 14.h4 Qe8 15.Qc2 h6 16.Nb1 Ne5
17.Nbd2 Bd7 18.Nxe5 Bxe5 19.Nc4 Ng7 20.Ra3 g5 21.hxg5 hxg5 22.g3 Qe7 23.gxf4 gxf4
24.Bg1 b5 25.Nb6 Rab8 26.Nxd7 Qxd7 27.axb5 axb5 28.Rah3 Ra8 29.Qd1 Qc7 30.Kf1 Qa5
31.Kg2 Qb4 32.Qd3 Ra4 33.Rh8+ Kf7 34.Rxf8+ Kxf8 35.Rh8+ Ke7 36.Qh3 Qxe4+
37.Bf3 Qg6+ 38.Kh1 Ra1 39.Bg2 Qb1 40.Qh4+ Kf7  0-1

[Event "48th Rilton Cup 2018-19"]
[Site "Stockholm SWE"]
[Date "2019.01.04"]
[Round "8.48"]
[White "Marzano,C"]
[Black "Soumya,Sw"]
[Result "0-1"]
[WhiteElo "2222"]
[BlackElo "2428"]

1.d4 Nf6 2.c4 c5 3.d5 e6 4.Nc3 exd5 5.cxd5 d6 6.Nf3 g6 7.Bf4 a6 8.a4 Qe7
9.e3 Bg7 10.Be2 O-O 11.Nd2 Nbd7 12.Nc4 Ne8 13.O-O f5 14.Bg3 Rb8 15.Qd2 b6
16.f4 Ndf6 17.Bh4 Qc7 18.Na3 Qd7 19.Rab1 Nc7 20.Rfd1 b5 21.axb5 axb5 22.b4 c4
23.Bf3 Re8 24.h3 Bb7 25.Bxf6 Bxf6 26.Nc2 Qg7 27.Nd4 Bxd4 28.Qxd4 Qxd4 29.exd4 Ra8
30.Kf2 Ra3 31.Rdc1 h5 32.h4 Kf8 33.Rb2 Rea8 34.Rbb1 Kf7 35.Ke2 Rxc3 36.Rxc3 Ra2+
37.Ke1 Bxd5 38.g3 Bxf3 39.Rxf3 Nd5 40.Rf2 Ra3 41.Rg2 Nc3 42.Rbb2 Ra1+ 43.Kd2 Ne4+
44.Ke2 Ke6 45.Ke3 Ra3+ 46.Ke2 Kd5 47.Rg1 Nc3+ 48.Kf2 Ne4+ 49.Ke2 Rd3 50.Ra1 Kxd4
51.Ra5 Rxg3 52.Kf1 Rb3 53.Raa2 Rxb2 54.Rxb2 c3 55.Ra2 Kd3 56.Ke1 c2  0-1

[Event "48th Rilton Cup 2018-19"]
[Site "Stockholm SWE"]
[Date "2019.01.05"]
[Round "9.8"]
[White "Thybo,Jesper Sondergaard"]
[Black "Lagarde,Max"]
[Result "0-1"]
[WhiteElo "2519"]
[BlackElo "2616"]

1.d4 Nf6 2.c4 e6 3.Nf3 c5 4.d5 d6 5.Nc3 exd5 6.cxd5 g6 7.Bf4 a6 8.a4 Bg7
9.h3 O-O 10.e3 Re8 11.Nd2 Nbd7 12.Be2 Ne5 13.Bh2 Nfd7 14.f4 Nd3+ 15.Bxd3 Rxe3+
16.Be2 Qh4+ 17.Kf1 Bd4 18.Qe1 Qh6 19.Nf3 Nf6 20.Bg1 Bxc3 21.bxc3 Re7 22.c4 Bg4
23.Rh2 Bxf3 24.gxf3 Rae8 25.Qg3 Nh5 26.Qh4 Qg7 27.Re1 Qc3 28.Rg2 Ng7 29.f5 Nxf5
30.Qf4 Re5 31.Bf2 Qc2 32.Bg1 Qxa4 33.Qd2 b5 34.Bf2 b4 35.f4 Re4 36.Rg5 Qb3
37.Qd3 Qxd3 38.Bxd3 Rxe1+ 39.Bxe1 Ne3+ 40.Kf2 Nd1+ 41.Kf1 a5 42.Bd2 a4 43.Rg3 a3
44.Bb1 Nb2 45.Ba2 Re4 46.Re3 Nxc4 47.Bxc4 Rxc4 48.Re8+ Kg7 49.Ra8 b3  0-1

[Event "George Trundle Masters"]
[Site "Auckland NZL"]
[Date "2019.01.06"]
[Round "3.4"]
[White "Papin,V"]
[Black "Johansen,D"]
[Result "1-0"]
[WhiteElo "2491"]
[BlackElo "2345"]

1.d4 Nf6 2.c4 e6 3.Nf3 c5 4.d5 d6 5.Nc3 exd5 6.cxd5 g6 7.Bf4 Bg7 8.Qa4+ Bd7
9.Qb3 Qc7 10.e4 O-O 11.Nd2 Re8 12.Be2 a5 13.a4 Na6 14.O-O Nb4 15.Rfe1 Re7
16.Nc4 Ne8 17.Rad1 Bd4 18.Bg5 f6 19.Be3 b5 20.axb5 a4 21.Nxa4 Bxb5 22.Nab6 Bxc4
23.Nxc4 Bxe3 24.Nxe3 Rxe4 25.Bf3 Re7 26.h4 h5 27.g3 Ng7 28.Qc3 Rf8 29.Ng2 Re5
30.Re4 Qf7 31.Rf4 Nxd5 32.Bxd5 Rxd5 33.Rxd5 Qxd5 34.Rxf6 Rxf6 35.Qxf6 Qe6
36.Qd8+ Kh7 37.Nf4 Qe1+ 38.Kg2 Nf5 39.Qf6 Qe8 40.Ne6 Kh6 41.Nf8  1-0

[Event "4th IIFL Wealth Mumbai Op"]
[Site "Mumbai IND"]
[Date "2019.01.06"]
[Round "8.34"]
[White "Kurbonboeva,Sarvinoz"]
[Black "Saksham,Rautela"]
[Result "1/2-1/2"]
[WhiteElo "2214"]
[BlackElo "2123"]

1.d4 Nf6 2.Nf3 e6 3.c4 c5 4.d5 exd5 5.cxd5 d6 6.Nc3 g6 7.g3 Bg7 8.Bg2 O-O
9.O-O Re8 10.Nd2 Nbd7 11.h3 a6 12.a4 Rb8 13.Nc4 Nb6 14.Na3 Na8 15.Nc4 Nb6
16.Na3 Na8 17.Re1 Nc7 18.a5 Bd7 19.e4 Nb5 20.Nc4 Nxc3 21.bxc3 Bb5 22.Nxd6 Qxd6
23.Bf4 Qd8 24.Bxb8 Qxb8 25.f4 Nh5 26.Qf3 f6 27.Bf1 c4 28.Kh2 Bf8 29.Re2 Bd6
30.Rae1 Qc7 31.Bg2 Re7 32.Rf1 Re8 33.Rfe1 Ng7 34.h4 h6 35.Bh3 Re7 36.Bg2 Re8
37.Bh3 Re7 38.Bg2 Re8 39.Bh3  1/2-1/2